00761pam a2200217 a 4500003000400000005001700004008004100021020002800062040000800090050002200098060002100120100002000141245015800161250001200319260005900331300004800390504005100438650001900489650001300508700002200521OSt20230705064803.0981008s1999 paua b 001 0 eng c a0683061410 (alk. paper) cDLC00aQM23.2b.M67 199910aQS 4bM822c 19991 aMoore, Keith L.10aClinically oriented anatomy /cKeith L. Moore, Arthur F. Dalley II ; with the developmental assistance and dedication of Lisa S.Donohoe, Marion E. Moore. a4th ed. aPhiladelphia :bLippincott Williams & Wilkins,cc1999. axxxi, 1164 p. :bill. (some col.) ;c28 cm. aIncludes bibliographical references and index. 0aHuman anatomy.12aAnatomy.1 aDalley, Arthur F.